000 01380nam0a22003251 4500
001 rc\2248141
005 20110826161000.2
035 _a(NLR Aleph) 006535908
090 _a6584188
_c6584188
100 _a20110826d1978 |||y0rusy50 ca
101 0 _arus
102 _aRU
105 _ay z |||||
200 1 _aОрганизация производственного процесса по эксплуатации и ремонту строительных машин
_eТекст лекций для студентов спец. 0511 "Строит. и дор. машины и оборуд."
210 _aЛенинград
_cЛИСИ
_d1978
215 _a43 с.
_cграф.
_d20
300 _aВ надзаг.: Ленингр. инж.-строит. ин-т
320 _aСписок лит.: с. 42 (7 назв.)
606 _aСтроительные машины
_xРемонт
_2psbo
606 _aРемонтно-механические предприятия
_xОрганизация производства
_2psbo
686 _aН6-5-08-6я73-2
_2rubbk
686 _aУ9(2)310-801я73-2
_2rubbk
700 1 _aГаркави
_bН. Г.
_gНиколай Георгиевич
801 0 _aRU
_bNLR
_gpsbo
801 1 _aRU
_bELAR
_2rusmarc
852 _aNLR
_j78-4/27835
899 _aRuMoRGB
_jБ 78-56/79
899 _aRuMoRGB
_jБ 78-56/80
942 _cBOOK
980 _aNB